[Event "77th ch-BUL SF 2013"]
[Site "Plovdiv BUL"]
[Date "2013.02.12"]
[Round "2.14"]
[White "Danov,Lyubomir"]
[Black "Slavov,Janko"]
[Result "0-1"]
[WhiteElo "2158"]
[BlackElo "1938"]

1.e4 c5 2.Nf3 Nc6 3.Bb5 e5 4.O-O d6 5.c3 Bg4 6.h3 Bxf3 7.Qxf3 Nf6 8.d3 Be7
9.Re1 O-O 10.Nd2 Qc7 11.Nf1 a6 12.Ba4 b5 13.Bc2 b4 14.Bd2 a5 15.Ne3 Rad8
16.Bb3 Ra8 17.a4 Rab8 18.Bc4 Nd8 19.Nf5 Ne6 20.Rac1 g6 21.Ne3 Ng5 22.Qe2 bxc3
23.bxc3 Rb2 24.Bb5 Rb8 25.Nc4 Ra2 26.Qd1 Nh5 27.Bxg5 Bxg5 28.Rb1 Nf4 29.Qb3 Re2
30.Rxe2 Nxe2+ 31.Kh2 Nf4 32.Qd1 d5 33.Ne3 d4 34.Nc4 dxc3 35.Qc2 Qd8 36.Rd1 f6
37.Qxc3 Ra8 38.Ne3 Qd4 39.Qc2 Kg7 40.Bc4 Rb8 41.Rb1 Rb4 42.Bb5 Rxb1 43.Qxb1 Ne2
44.Nd1 Bf4+ 45.Kh1 Qb4 46.Qxb4 cxb4 47.g3 Bc1 48.Kg2 b3 49.Kf1 Nd4 50.Bc4 b2
51.Ba2 Nc2 52.Nc3 Bd2 53.Nd1 Nb4 54.Bb1 Bc1 55.Ke2 h5 56.Ne3 Kf7 57.Nc4 Nc6
58.Kd1 g5 59.Kc2 Nd4+ 60.Kc3 Nf3 61.Nxa5 Ke7 62.Nc4 Kd7 63.Nb6+ Kc6 64.Nd5 Ng1
65.Nxf6 h4 66.gxh4 gxh4 67.Ng4 Bf4 68.Kc2 Nxh3 69.Kxb2 Ng5 70.d4 exd4 71.Kb3 Kc5
72.a5 Nf3 73.a6 Kb6 74.Bd3 h3 75.Kc4 Ne5+ 76.Nxe5 h2 77.Kxd4 h1=Q 78.Ng6 Qc1
79.e5 Qc5+ 80.Ke4 Bg5 81.f4 Bd8 82.f5 Qb4+ 83.Kf3 Qc3 84.Ke4 Qc6+ 85.Kf4 Qc1+
86.Ke4 Qh1+ 87.Kf4 Qh2+ 88.Ke4 Qg2+ 89.Kd4 Qf2+ 90.Ke4 Qg2+ 91.Kd4 Bg5 92.f6 Qf2+
93.Kd5 Bxf6 94.exf6 Qxf6 95.Ne5 Qd8+ 96.Ke4 Kc5 97.Kf4 Qg8 98.Ke3 Qe8 99.Ke4 Kd6  0-1

[Event "Novy Bor Open A 2013"]
[Site "Novy Bor CZE"]
[Date "2013.02.13"]
[Round "6"]
[White "Svobodova,M"]
[Black "Svec,L"]
[Result "1-0"]
[WhiteElo "2051"]
[BlackElo "1815"]

1.e4 c5 2.Nf3 Nc6 3.Bb5 a6 4.Bxc6 dxc6 5.h3 g6 6.d3 Bg7 7.O-O Nf6 8.Nc3 O-O
9.Be3 b6 10.a4 a5 11.Nd2 Ne8 12.Rb1 Be6 13.Qe2 Nc7 14.Nd1 Qd7 15.b3 Rfd8
16.Nb2 Na6 17.Ndc4 Qc7 18.Qd2 Qb7 19.Bf4 Bc8 20.Be5 f6 21.Bg3 Be6 22.Ne3 Rd7
23.Nbc4 Rad8 24.Rbe1 Nc7 25.f4 Bf7 26.f5 Ne8 27.e5 e6 28.exf6 Nxf6 29.fxg6 Bxg6
30.Qe2 Nd5 31.Ng4 Bf5 32.Nce5 Re7 33.Bh4 Rde8 34.Bxe7 Rxe7 35.Qd2 Qc7 36.Qg5 Bxg4
37.Nxg4 Kh8 38.Nh6  1-0

[Event "TCh-CAT Div Hon 2013"]
[Site "Catalonia ESP"]
[Date "2013.02.16"]
[Round "5.9"]
[White "Fernandez Lopez,Jo"]
[Black "Villa Izquierdo,R"]
[Result "1-0"]
[WhiteElo "2115"]
[BlackElo "2141"]

1.e4 c5 2.Nf3 Nc6 3.Bb5 a6 4.Bxc6 dxc6 5.h3 e5 6.d3 Bd6 7.Nc3 Ne7 8.O-O Ng6
9.Ne2 h6 10.Be3 Be6 11.Qd2 Qd7 12.Nh2 O-O-O 13.a3 f5 14.exf5 Bxf5 15.Ng3 Nh4
16.Ne4 Rhf8 17.Nxd6+ Qxd6 18.f4 e4 19.Qf2 Qf6 20.Bxc5 Rfe8 21.dxe4 Rxe4 22.Rad1 Ng6
23.Bb6 Rde8 24.Rfe1 Nxf4 25.Rxe4 Bxe4 26.Ng4 Qxb2 27.Bd4 Qxc2 28.Rd2 Qc1+
29.Kh2 g5 30.Bb2 Qb1 31.Qa7 Kc7 32.Nf6 Nd5 33.Nxe8+ Kd7 34.Nf6+ Ke6 35.Qd4  1-0

[Event "TCh-CAT Div Hon 2013"]
[Site "Catalonia ESP"]
[Date "2013.02.16"]
[Round "5.3"]
[White "Lorenzo de la Riva,L"]
[Black "Cruz,Cr"]
[Result "1/2-1/2"]
[WhiteElo "2436"]
[BlackElo "2505"]

1.e4 c5 2.Nf3 Nc6 3.Bb5 d6 4.O-O Bd7 5.c3 a6 6.Ba4 b5 7.Bc2 e5 8.h3 Nf6 9.d4 Be7
10.d5 Na5 11.Nbd2 c4 12.b4 cxb3 13.axb3 Qc7 14.Bb2 O-O 15.b4 Nb7 16.Nb3 Rfc8
17.Bd3 Bd8 18.Nfd2 Qb8 19.Qe2 g6 20.Kh2 Be8 21.g3 Nd7 22.c4 a5 23.bxa5 Nbc5
24.Rfb1 Nxd3 25.Qxd3 Qa7 26.Kg2 bxc4 27.Nxc4 Qa6 28.Rc1 Nf6 29.Nbd2 Bb5 30.Rc3 Rab8
31.Qc2 Bxc4 32.Rxc4 Rxc4 33.Qxc4 Qxc4 34.Nxc4 Nxe4 35.a6 Bc7 36.a7 Ra8 37.Bc1 Nc3
38.Ra6 Kf8 39.Ba3 Nb5 40.Bxd6+ Bxd6 41.Nxd6 Nxd6 42.Rxd6 Rxa7 43.Kf3 Ra4
44.Rb6 Rd4 45.Rb5 f5 46.Ke3 Re4+ 47.Kd3 Rd4+ 48.Ke3 Re4+ 49.Kf3 h5 50.h4 Rd4
51.Ke3 Re4+ 52.Kf3  1/2-1/2

[Event "Iceland-China Friendly Match"]
[Site "Reykjavik ISL"]
[Date "2013.02.16"]
[Round "3.2"]
[White "Yu Yangyi"]
[Black "Ptacnikova,L"]
[Result "1-0"]
[WhiteElo "2688"]
[BlackElo "2269"]

1.e4 c5 2.Nf3 Nc6 3.Bb5 g6 4.Bxc6 dxc6 5.d3 Bg7 6.h3 Nf6 7.Nc3 Nd7 8.Be3 b6
9.Qd2 e5 10.Bh6 O-O 11.h4 Bxh6 12.Qxh6 f6 13.Qe3 Rf7 14.Nd2 Nf8 15.g3 Ne6
16.O-O-O Nd4 17.h5 g5 18.f4 h6 19.Rdf1 Be6 20.Rf2 Qe7 21.Kb1 Raf8 22.Nd1 Bg4
23.Qe1 Be6 24.Ne3 Qb7 25.Ndc4 b5 26.Nd6 Qa6 27.b3 exf4 28.gxf4 Rd7 29.e5 b4
30.fxg5 f5 31.gxh6 Nb5 32.Rg1+ Kh8 33.Nxb5 cxb5 34.Rg6 f4 35.Ng2 Rd4 36.Qg1 c4
37.Rxf4 Rdxf4 38.Nxf4 c3 39.Rxe6 Rg8  1-0

[Event "e2e4 Brighton Masters 2013"]
[Site "Brighton ENG"]
[Date "2013.02.17"]
[Round "3"]
[White "Haria,R"]
[Black "Whitehead,D"]
[Result "1-0"]
[WhiteElo "2053"]
[BlackElo "2055"]

1.e4 c5 2.Nf3 Nc6 3.Bb5 d6 4.Bxc6+ bxc6 5.O-O e5 6.c3 f5 7.exf5 Bxf5 8.d4 e4
9.dxc5 d5 10.Nd4 Qd7 11.Be3 Ne7 12.f3 g6 13.Nd2 Bg7 14.fxe4 dxe4 15.Nc4 O-O
16.Nxf5  1-0

[Event "ch-ROU 2013"]
[Site "Baile Olanesti ROU"]
[Date "2013.02.19"]
[Round "5.19"]
[White "Gavrilescu,David"]
[Black "Toma,Ra"]
[Result "0-1"]
[WhiteElo "1873"]
[BlackElo "2219"]

1.e4 c5 2.Nf3 Nc6 3.Bb5 e6 4.O-O Nge7 5.Re1 a6 6.Bf1 d5 7.exd5 Nxd5 8.d4 cxd4
9.Nxd4 Be7 10.Nxc6 bxc6 11.c4 Nf6 12.Nc3 O-O 13.Bg5 Rb8 14.Qc2 c5 15.Rad1 Qb6
16.b3 Bb7 17.Re3 Qc7 18.Rh3 g6 19.Qb2 Rfd8 20.Re1 Ng4 21.Bh4 Bxh4 22.Rxh4 h5
23.Ne4 Rd4 24.Ng3 Qe7 25.Rh3 Rbd8 26.Qc3 Qf6 27.f3 Nf2 28.Re3 Nxh3+ 29.gxh3 Qg5
30.Kf2 Rd2+ 31.Be2 Rxa2 32.Qe5 Qxe5 33.Rxe5 Rdd2 34.h4 Rdb2 35.Rxc5 Rxb3
36.Rc7 Bxf3  0-1

[Event "VI Karkonosze Open A"]
[Site "Karpacz POL"]
[Date "2013.02.19"]
[Round "4.3"]
[White "Galazewski,T"]
[Black "Tomczak,Mikolaj"]
[Result "0-1"]
[WhiteElo "2288"]
[BlackElo "1965"]

1.e4 c5 2.Nf3 Nc6 3.Bb5 d6 4.d4 cxd4 5.Qxd4 Bd7 6.Bxc6 Bxc6 7.Nc3 Nf6 8.Bg5 e6
9.O-O-O Be7 10.Qd3 O-O 11.Nd4 Rc8 12.f4 Qc7 13.Kb1 h6 14.h4 Rfd8 15.Bxf6 Bxf6
16.g4 Bxd4 17.Qxd4 e5 18.Qf2 exf4 19.g5 h5 20.Qxf4 b5 21.Rh2 Qb7 22.Rhd2 b4
23.Nd5 Bxd5 24.Rxd5 Re8 25.Qxd6 Rxe4 26.g6 fxg6 27.Re5 Rxe5 28.Qxe5 Qf3 29.Rc1 Qf5
30.Qe7 a5 31.Qd6 Kh7 32.Qa6 Rc5 33.Qe2 a4 34.Rf1 Rxc2 35.Rxf5 Rxe2 36.Rf4 b3
37.axb3 axb3 38.Kc1 Rc2+ 39.Kb1 Rg2 40.Kc1 Rg4 41.Rf3 Rxh4 42.Rxb3 Rc4+ 43.Kd2 g5
44.Ke3 h4  0-1

[Event "Moscow Gov Cup A Rapid"]
[Site "Moscow RUS"]
[Date "2013.02.19"]
[Round "6.3"]
[White "Grigoriants,S RUS"]
[Black "Odnorozhenko,E"]
[Result "1/2-1/2"]
[WhiteElo "2590"]
[BlackElo "2305"]

1.e4 c5 2.Nf3 Nc6 3.Bb5 d6 4.O-O Bd7 5.Re1 Nf6 6.c3 a6 7.Bf1 Bg4 8.h3 Bxf3
9.Qxf3 g6 10.Qd1 Bh6 11.Na3 O-O 12.Nc2 Rc8 13.g3 e5 14.Bg2 Re8 15.Ne3 Qd7
16.d3 Qd8 17.Qf3 Bg7 18.Ng4 Nxg4 19.hxg4 Rf8 20.Be3 Bf6 21.Qe2 Bg5 22.f4 Bf6
23.Rf1 Bg7 24.Rf2 b5 25.Raf1 exf4 26.gxf4 b4 27.e5 bxc3 28.bxc3 dxe5 29.f5 e4
30.Bxe4 Bxc3 31.Qf3 Bd4 32.Bxc6 Bxe3 33.Qxe3 Rxc6 34.f6  1/2-1/2

[Event "Moscow Gov Cup A Rapid"]
[Site "Moscow RUS"]
[Date "2013.02.19"]
[Round "6.14"]
[White "Drachev,Oleg"]
[Black "Klyuev,A"]
[Result "0-1"]
[WhiteElo "2187"]
[BlackElo "2227"]

1.e4 c5 2.Nf3 Nc6 3.Bb5 g6 4.Bxc6 bxc6 5.O-O Bg7 6.h3 Nh6 7.Re1 O-O 8.d3 f6
9.Be3 d6 10.Qd2 Nf7 11.Nc3 e5 12.Nh2 g5 13.Ne2 h6 14.Ng3 Nh8 15.c3 Ng6 16.Nh5 f5
17.exf5 Bxf5 18.Nxg7 Kxg7 19.Nf1 Nh4 20.Kh2 Qd7 21.Qe2 Rf7 22.Ng3 Raf8 23.d4 cxd4
24.cxd4 e4 25.d5 cxd5 26.Rad1 Be6 27.Bd4+ Kg8 28.Qh5 Rh7 29.Rc1 Bxh3 30.gxh3 Nf3+
31.Kg2 Nxd4 32.Red1 Ne6 33.Qg6+ Kh8 34.Nh5 Nf4+ 35.Nxf4 gxf4 36.Kh2 Rg8 37.Qh5 e3
38.Qxd5 Rhg7 39.fxe3 Rg5 40.Qd4+ R8g7 41.Rg1 Qxh3+  0-1

[Event "ch-Central Serbia 2013"]
[Site "Pozarevac SRB"]
[Date "2013.02.19"]
[Round "3.2"]
[White "Pikula,D"]
[Black "Rajkovic,Du"]
[Result "1-0"]
[WhiteElo "2489"]
[BlackElo "2420"]

1.e4 c5 2.Nf3 Nc6 3.Bb5 g6 4.Bxc6 dxc6 5.h3 Bg7 6.d3 Nf6 7.Nc3 O-O 8.Be3 b6
9.Qd2 Ne8 10.Bh6 Nc7 11.Bxg7 Kxg7 12.a3 a5 13.O-O Ne6 14.Ne2 f6 15.c3 Qd6
16.Qe3 Ba6 17.Rad1 Rad8 18.Ne1 Nc7 19.f4 e5 20.Qg3 Ne6 21.h4 exf4 22.Nxf4 Nxf4
23.Rxf4 f5 24.Qe3 Rfe8 25.Rd2 Bc4 26.h5 fxe4 27.h6+ Kg8 28.Rxe4 Rxe4 29.Qxe4 Bd5
30.Qe3 Qe6 31.Qxe6+ Bxe6 32.Nf3 Bf5 33.d4 cxd4 34.Rxd4 Rxd4 35.cxd4 g5 36.Nxg5 Kf8
37.g4 Bc2 38.Kf2 Ke7 39.Nf3 Ke6 40.Ke3 Kd5 41.g5 c5 42.Nh4 cxd4+ 43.Kf4 Ke6
44.Nf3 d3 45.g6 d2 46.gxh7 Bxh7 47.Nxd2 Kd5 48.Ke3 Bg6 49.Nf3 Ke6 50.h7 Bxh7
51.Ng5+ Kd5 52.Nxh7 Kc4 53.Kd2 Kb3 54.Kc1 b5 55.Nf6 b4 56.axb4 Kxb4 57.Nd5+ Kb3
58.Nc3 a4 59.Nb1  1-0

[Event "Moscow Gov Cup A Rapid"]
[Site "Moscow RUS"]
[Date "2013.02.20"]
[Round "9.10"]
[White "Drachev,Oleg"]
[Black "Odnorozhenko,E"]
[Result "1/2-1/2"]
[WhiteElo "2187"]
[BlackElo "2305"]

1.e4 c5 2.Nf3 Nc6 3.Bb5 d6 4.O-O Bd7 5.c3 Nf6 6.Re1 a6 7.Ba4 b5 8.Bc2 Bg4
9.d3 e6 10.Nbd2 Be7 11.h3 Bh5 12.a3 O-O 13.b4 a5 14.g4 Bg6 15.Rb1 axb4 16.axb4 cxb4
17.cxb4 d5 18.Bb2 Bxb4 19.Re2 Be7 20.Bxf6 Bxf6 21.Rxb5 dxe4 22.Nxe4 Nd4 23.Nxf6+ Qxf6
24.Nxd4 Qxd4 25.Kg2 Rfd8 26.Re3 Rac8 27.Bb1 h6 28.Qf3 Rc1 29.h4 Qa1 30.Qb7 Qa8
31.Qxa8 Rxa8 32.h5 Bh7 33.Re2 Rd8 34.Reb2 Rcc8 35.R2b3 Kf8 36.f3 Rd6 37.Kf2 Rcd8
38.Ke3 g6 39.f4 gxh5 40.Rxh5 Kg7 41.Rhb5 R8d7  1/2-1/2

[Event "Moscow Gov Cup A Rapid"]
[Site "Moscow RUS"]
[Date "2013.02.20"]
[Round "11.1"]
[White "Kobalia,M"]
[Black "Belous,V"]
[Result "1/2-1/2"]
[WhiteElo "2652"]
[BlackElo "2553"]

1.e4 c5 2.Nf3 Nc6 3.Bb5 d6 4.O-O Bd7 5.c3 Nf6 6.Re1 a6 7.Ba4 b5 8.Bc2 Bg4
9.a4 Rb8 10.axb5 axb5 11.d4 cxd4 12.cxd4 e5 13.Be3 exd4 14.Bxd4 Nxd4 15.Qxd4 Be7
16.e5 dxe5 17.Qxd8+ Rxd8 18.Nxe5 Be6 19.Nc6 Rc8 20.Nxe7  1/2-1/2

[Event "ch-Central Serbia 2013"]
[Site "Pozarevac SRB"]
[Date "2013.02.20"]
[Round "4.14"]
[White "Sorgic,D"]
[Black "Colovic,Z"]
[Result "1-0"]
[WhiteElo "2239"]
[BlackElo "2131"]

1.e4 c5 2.Nf3 Nc6 3.Bb5 Nd4 4.Nxd4 cxd4 5.O-O a6 6.Ba4 e6 7.d3 Ne7 8.f4 Nc6
9.Nd2 b5 10.Bb3 Bb7 11.a4 Qc7 12.axb5 axb5 13.Rxa8+ Bxa8 14.Qh5 Bd6 15.Nf3 g6
16.Qh6 Bf8 17.Qg5 Bg7 18.Qxb5 O-O 19.Bd2 Rb8 20.Qg5 Nb4 21.Bxb4 Rxb4 22.f5 Bc6
23.fxg6 hxg6 24.Qe7 Bf8 25.Qh4 Bg7 26.Ng5 f5 27.exf5 Qe5 28.fxe6  1-0

[Event "ch-Central Serbia 2013"]
[Site "Pozarevac SRB"]
[Date "2013.02.20"]
[Round "4.6"]
[White "Cabrilo,G"]
[Black "Chelushkina,I"]
[Result "1/2-1/2"]
[WhiteElo "2437"]
[BlackElo "2265"]

1.e4 c5 2.Nf3 Nc6 3.Bb5 g6 4.O-O Bg7 5.c3 Nf6 6.Re1 O-O 7.h3 a6 8.Bxc6 bxc6
9.d4 cxd4 10.cxd4 d5 11.e5 Ne4 12.Nbd2 c5 13.dxc5 Nxc5 14.Nb3 Nxb3 15.axb3 Qc7
16.Bf4 Qb7 17.Nd4 Bd7 18.Qd2 Rfc8 19.Bh6 Bh8 20.Bg5 Be8 21.Qf4 a5 22.Qd2 a4
23.bxa4 Rxa4 24.Rxa4 Bxa4 25.b3 Be8 26.Bf4 Qb6 27.Ra1 Bg7 28.Qe3  1/2-1/2

[Event "33rd TCh-IND 2013"]
[Site "Hyderabad IND"]
[Date "2013.02.21"]
[Round "2.3"]
[White "Stany,G"]
[Black "Prachura,P"]
[Result "1-0"]
[WhiteElo "2456"]
[BlackElo "2103"]

1.e4 c5 2.Nf3 Nc6 3.Bb5 Nf6 4.Nc3 Qc7 5.O-O e5 6.d3 Be7 7.Bg5 Nd4 8.Bxf6 Bxf6
9.Nd5 Nxf3+ 10.Qxf3 Qd8 11.Nxf6+ Qxf6 12.Qxf6 gxf6 13.f4 Ke7 14.fxe5 fxe5
15.Bc4 Rf8 16.Rf5 d6 17.Rh5 Rh8 18.Rh6 Be6 19.Bxe6 fxe6 20.Rf1 Rae8 21.Rff6 Kd7
22.Rf7+ Re7 23.Rxe7+ Kxe7 24.g4 b5 25.g5 Kf7 26.h4 a5 27.g6+ Kg7 28.Rxh7+ Rxh7
29.gxh7 Kxh7 30.Kg2 d5 31.Kg3 c4 32.b3 cxb3  1-0

[Event "ch-Central Serbia w 2013"]
[Site "Pozarevac SRB"]
[Date "2013.02.21"]
[Round "5.2"]
[White "Milosevic,Jo"]
[Black "Djukic,Sa"]
[Result "0-1"]
[WhiteElo "1892"]
[BlackElo "2131"]

1.e4 c5 2.Nf3 Nc6 3.Bb5 e6 4.O-O Nge7 5.Re1 a6 6.Bf1 Ng6 7.d3 Be7 8.c3 O-O
9.Nbd2 d6 10.Nb3 b5 11.Be3 Bb7 12.Qc2 Rc8 13.Rac1 Nce5 14.Nxe5 Nxe5 15.Nd2 Qd7
16.Qb1 Ng6 17.Be2 d5 18.exd5 exd5 19.d4 c4 20.g3 Bd6 21.Bf1 Rce8 22.Bg2 h6
23.f4 Ne7 24.Nf3 Rb8 25.Nh4 Kh8 26.f5 Ng8 27.Rf1 Nf6 28.Bf4 Bc6 29.Qc2 Bxf4
30.Rxf4 b4 31.Rff1 a5 32.Rb1 b3 33.axb3 cxb3 34.Qd2 a4 35.Ra1 Rfe8 36.h3 Qd6
37.Qf4 Qxf4 38.Rxf4 Re2 39.Rf2 Rbe8 40.Bf3 Re1+ 41.Rf1 Rxf1+ 42.Kxf1 Bb5+
43.Kg2 Ne4 44.f6 g6 45.g4 Nxf6 46.Kh2 Re3 47.Kg2 Ne4 48.Kg1 Kg7  0-1

[Event "ch-ROU 2013"]
[Site "Baile Olanesti ROU"]
[Date "2013.02.22"]
[Round "9.14"]
[White "Doros,R"]
[Black "Veneteanu,I"]
[Result "0-1"]
[WhiteElo "2309"]
[BlackElo "2152"]

1.e4 c5 2.Nf3 Nc6 3.Bb5 g6 4.Bxc6 bxc6 5.O-O Bg7 6.c3 Nf6 7.e5 Nd5 8.d4 cxd4
9.cxd4 O-O 10.Nc3 d6 11.Re1 Bg4 12.h3 Bxf3 13.Qxf3 dxe5 14.dxe5 Rb8 15.b3 Qa5
16.Bb2 Rfd8 17.Na4 Nb4 18.Bc3 Qd5 19.Qe4 Nd3 20.Re2 Qxe4 21.Rxe4 Rd5 22.f4 g5
23.g3 h5 24.Rf1 gxf4 25.gxf4 Kh7 26.Rf3 Bh6 27.Kh2 Rg8 28.Bd4 Ne1 29.Rf1 Nd3
30.Be3 h4 31.Nc3 Rg3 32.Ne2 Rg8 33.Nd4 Nc5  0-1

[Event "ch-ROU 2013"]
[Site "Baile Olanesti ROU"]
[Date "2013.02.23"]
[Round "10.3"]
[White "Murariu,A"]
[Black "Posedaru,B"]
[Result "1-0"]
[WhiteElo "2533"]
[BlackElo "2328"]

1.e4 c5 2.Nf3 Nc6 3.Bb5 d6 4.O-O Bd7 5.Re1 Nf6 6.c3 a6 7.Bf1 Bg4 8.h3 Bxf3
9.Qxf3 e6 10.d3 Be7 11.Be3 O-O 12.Nd2 b5 13.Qd1 d5 14.f4 d4 15.Bf2 Qc7 16.g3 Rfd8
17.e5 Nd5 18.c4 Ne3 19.Bxe3 dxe3 20.Rxe3 f6 21.Bg2 fxe5 22.Qg4 Kh8 23.Bxc6 Qxc6
24.fxe5 Rd4 25.Qf3 Qxf3 26.Nxf3 Rd7 27.Kf1 g6 28.Ke2 Bf8 29.g4 Rad8 30.Rc1 Be7
31.b3 Kg7 32.Rf1 Kg8 33.h4 h6 34.g5 hxg5 35.Nxg5 bxc4 36.bxc4 Rb8 37.Nxe6 Rb2+
38.Kf3 Bxh4 39.Kg4 Be7 40.Kf4 Rxa2 41.Rg3 Kf7 42.Ke4+ Ke8 43.Rxg6 Re2+ 44.Kf5 Bf8
45.Nxf8 Rf7+ 46.Rf6 Kxf8 47.Ke6  1-0

[Event "Moscow Gov Cup A Rapid KO"]
[Site "Moscow RUS"]
[Date "2013.02.23"]
[Round "3.2"]
[White "Apryshko,G"]
[Black "Odnorozhenko,E"]
[Result "1-0"]
[WhiteElo "2312"]
[BlackElo "2305"]

1.e4 c5 2.Nf3 Nc6 3.Bb5 d6 4.O-O Bd7 5.Re1 Nf6 6.h3 a6 7.Bf1 e5 8.c3 Be7
9.d4 O-O 10.dxc5 dxc5 11.a4 Qc7 12.Na3 Be6 13.Nc4 Rad8 14.Qc2 b5 15.axb5 axb5
16.Ne3 c4 17.Ng5 Na5 18.Nf5 Nb3 19.Rb1 h6 20.Nxe7+ Qxe7 21.Nxe6 Qxe6 22.Be3 Nd7
23.Rbd1 Ndc5 24.f3 Qc6 25.Rxd8 Rxd8 26.Rd1 Rd6 27.Be2 Qd7 28.Rxd6 Qxd6 29.Kf2 Nd3+
30.Bxd3 Qxd3 31.Qxd3 cxd3 32.Bb6 Kf8 33.Ke3 d2 34.Ke2 Ke7 35.Be3 Ke6 36.Bxd2 Na5
37.Kd3 Nc6 38.b3 h5 39.c4 bxc4+ 40.Kxc4 Kd6 41.b4 Nd4 42.b5 Kc7 43.Bc3 Nc2
44.Bxe5+ Kb6 45.Bxg7 Ne3+ 46.Kd4 Nxg2 47.Ke5 Kxb5 48.Bh6 Kc6 49.Kf6 Ne1 50.f4 Nd3
51.e5 h4 52.Kxf7 Nf2 53.e6  1-0

[Event "Moscow Gov Cup A Rapid KO"]
[Site "Moscow RUS"]
[Date "2013.02.23"]
[Round "4.3"]
[White "Gumirov,K"]
[Black "Odnorozhenko,E"]
[Result "0-1"]
[WhiteElo "2007"]
[BlackElo "2305"]

1.e4 c5 2.Nf3 Nc6 3.Bb5 d6 4.Bxc6+ bxc6 5.e5 Bg4 6.exd6 exd6 7.O-O Be7 8.h3 Bh5
9.g4 Bg6 10.d4 cxd4 11.Nxd4 Rc8 12.Qe2 Nf6 13.Qa6 Qc7 14.Bf4 O-O 15.Nc3 Qb6
16.Qa4 d5 17.Rab1 Bc5 18.Nf3 Rfe8 19.Ne5 Bd4 20.Nxg6 hxg6 21.Bd2 Ne4 22.Nxe4 Rxe4
23.c3 Bxf2+ 24.Rxf2 Rxa4 25.Rf1 Qb7 26.Be3 Rxa2 27.b4 Rxf2 28.Bxf2 Re8 29.Ra1 a6
30.Ra5 Re4 31.Rc5 Rc4 32.Rxc4 dxc4 33.Bd4 f6 34.Kf2 Qe7 35.Kf3 Qe6 36.h4 Qd5+
37.Ke3 a5 38.bxa5 c5 39.a6 cxd4+ 40.cxd4 Qa5 41.d5 Qxa6 42.Kd4 Qc8 43.Kc3 Qc5  0-1

[Event "Moscow Gov Cup A Rapid KO"]
[Site "Moscow RUS"]
[Date "2013.02.23"]
[Round "4.1"]
[White "Gumirov,K"]
[Black "Odnorozhenko,E"]
[Result "0-1"]
[WhiteElo "2007"]
[BlackElo "2305"]

1.e4 c5 2.Nf3 Nc6 3.Bb5 d6 4.c3 Bd7 5.O-O Nf6 6.Bxc6 Bxc6 7.e5 dxe5 8.Nxe5 Rc8
9.Nxc6 Rxc6 10.Qa4 a6 11.b4 cxb4 12.Qxb4 Qb6 13.Qxb6 Rxb6 14.Na3 e6 15.Nc4 Rc6
16.Ne5 Rc8 17.Rb1 Rc7 18.d4 Bd6 19.Bf4 Nd5 20.Bd2 Bxe5 21.dxe5 O-O 22.c4 Rxc4
23.Rxb7 Ra4 24.Rb2 h6 25.f4 Ne7 26.g4 Rd8 27.h3 Rd3 28.Kg2 Rda3 29.Ra1 Nd5
30.f5 Ne3+ 31.Bxe3 Rxe3 32.fxe6 fxe6 33.Rc1 Rxe5 34.Rc8+ Kh7 35.Rc7 Rea5
36.Rcc2 Rb5 37.Re2 Rxb2 38.Rxb2 Ra3 39.h4 Kg6 40.Re2 Kf6 41.Kf2 Rh3 42.h5 Rh2+
43.Ke3 Rxe2+ 44.Kxe2 Kg5 45.Kd3 Kxg4 46.Kc4 e5 47.a4 e4 48.a5 e3 49.Kc5 e2
50.Kb6  0-1

[Event "ch-LTU SF 2013"]
[Site "Vilnius LTU"]
[Date "2013.02.25"]
[Round "4.4"]
[White "Rimeikis,A"]
[Black "Stremavicius,T"]
[Result "1/2-1/2"]
[WhiteElo "2104"]
[BlackElo "2172"]

1.e4 c5 2.Nf3 Nc6 3.Bb5 g6 4.Bxc6 bxc6 5.e5 Bg7 6.Qe2 Nh6 7.O-O O-O 8.d3 Nf5
9.Re1 d6 10.Bf4 f6 11.exd6 e5 12.Bc1 Qxd6 13.Nbd2 Rd8 14.b3 Nd4 15.Nxd4 cxd4
16.Nc4 Qc7 17.Bd2 Re8 18.f4 Bf5 19.Qf3 Qd7 20.h3 Qd5 21.Qxd5+ cxd5 22.Nd6 Re6
23.Nxf5 gxf5 24.c3 dxc3 25.Bxc3 Rc8 26.Bd4 Rc2 27.Bxa7 Ra6 28.Be3 Raxa2 29.Rxa2 Rxa2
30.Rb1 Ra5 31.b4 Rb5 32.Bc5 Bf8 33.Bxf8 Kxf8 34.fxe5 fxe5 35.Rf1 f4 36.d4 Rxb4
37.dxe5 Ke7 38.Kf2 Ke6 39.g3 Kxe5 40.Re1+ Re4 41.gxf4+ Kxf4 42.Rg1 h5 43.Rg8 h4
44.Rd8 Ke5 45.Kf3 Rf4+ 46.Ke2 Ra4 47.Rh8 Rf4 48.Ke3 d4+ 49.Ke2 Re4+ 50.Kd2 Kf5
51.Rh5+ Kg6 52.Rh8 Kg5 53.Kd3 Re3+ 54.Kxd4 Rxh3 55.Ke4 Ra3 56.Rg8+ Kh5 57.Kf5 Rf3+
58.Ke4 Rf7 59.Ke3 h3 60.Ke2 Kh4 61.Rh8+ Kg3 62.Rg8+ Kh2 63.Rg6 Kh1 64.Rg8 h2
65.Rg6 Ra7 66.Kf2 Ra2+ 67.Kf1 Ra1+ 68.Kf2 Rg1 69.Rf6 Rg2+ 70.Kf1 Rf2+ 71.Rxf2  1/2-1/2

[Event "Zagreb Open A 2013"]
[Site "Zagreb CRO"]
[Date "2013.02.26"]
[Round "2.15"]
[White "Djurovic,G"]
[Black "Frank,V"]
[Result "1/2-1/2"]
[WhiteElo "2406"]
[BlackElo "2128"]

1.e4 c5 2.Nf3 Nc6 3.Bb5 g6 4.Bxc6 dxc6 5.d3 Bg7 6.h3 h6 7.O-O e5 8.Bd2 Be6
9.Bc3 Qc7 10.Nbd2 Ne7 11.a3 O-O 12.b4 cxb4 13.axb4 a6 14.d4 exd4 15.Bxd4 Rad8
16.c3 c5 17.bxc5 Nc6 18.Qa4 Rd7 19.Rfe1 Rfd8 20.e5 Bd5 21.Ne4 Bxe4 22.Rxe4 Re7
23.e6 Rxe6 24.Rxe6 fxe6 25.Bxg7 Qxg7 26.Re1 e5 27.Nh2 Kh7 28.Ng4 h5 29.Ne3 Rd3
30.Qc4 Rd2 31.Rb1 Rd7 32.Nf1 Qg8 33.Qe4 Qf8 34.Ng3 Qxc5 35.Nxh5 Rf7 36.Ng3 Rxf2
37.Qh4+ Kg8 38.Ne4 Rf4+ 39.Nxc5 Rxh4 40.Rxb7 Rc4 41.Nxa6 Rxc3 42.Nc7 Nd4
43.Nd5 Ne2+ 44.Kf2 Rc2 45.Ke3 Nf4 46.Nf6+ Kf8 47.Nd7+ Kg8 48.Nxe5 Nxg2+ 49.Kf3 Ne1+
50.Kf4 Rf2+ 51.Kg5 Nf3+ 52.Nxf3 Rxf3 53.h4 Rg3+  1/2-1/2

[Event "ch-LTU SF 2013"]
[Site "Vilnius LTU"]
[Date "2013.03.01"]
[Round "8.4"]
[White "Zaksaite,S"]
[Black "Stremavicius,T"]
[Result "0-1"]
[WhiteElo "2162"]
[BlackElo "2172"]

1.e4 c5 2.Nf3 Nc6 3.Bb5 g6 4.O-O Bg7 5.Re1 Nh6 6.Nc3 O-O 7.h3 Nd4 8.Bc4 e6
9.d3 f5 10.Bg5 Qc7 11.Nxd4 cxd4 12.Nb5 Qb6 13.a4 a6 14.Na3 fxe4 15.dxe4 Nf7
16.Bc1 Qc6 17.a5 d5 18.Bd3 Bd7 19.Bd2 Qc7 20.Qe2 Bc6 21.Rab1 Nd6 22.e5 Ne4
23.Bxe4 dxe4 24.Qc4 Qxe5 25.c3 Qf5 26.Rf1 Rac8 27.Qb4 e3 28.fxe3 Qe4  0-1

[Event "TCh-CAT Div Hon 2013"]
[Site "Catalonia ESP"]
[Date "2013.03.02"]
[Round "7.8"]
[White "Gonzalez Hernandez,F"]
[Black "Colon Garcia,E"]
[Result "0-1"]
[WhiteElo "2086"]
[BlackElo "2337"]

1.e4 c5 2.Nf3 Nc6 3.Bb5 d6 4.d4 cxd4 5.Qxd4 Bd7 6.Bxc6 Bxc6 7.Nc3 e5 8.Qd3 h6
9.Be3 Nf6 10.O-O-O Be7 11.Nd2 O-O 12.f3 Qc7 13.g4 d5 14.g5 hxg5 15.Bxg5 d4
16.Ne2 Nxe4 17.Bxe7 Nf2 18.Qa3 Rfe8 19.Bh4 Nxh1 20.Rxh1 Bb5 21.Re1 Rac8 22.c3 Re6
23.Bg3 Qd7 24.c4 Bxc4 25.Nxc4 Rxc4+ 26.Kb1 d3 27.Rd1 d2 28.Qe3 Rd6 29.Nc3 Rd3
30.Qxe5 Rxf3 31.Qe2 Rd3 32.Kc2 Rcd4 33.Qf2 b5 34.Be5 Rc4 35.Qe2 Rd5 36.Kb3 Rd3
37.Kc2 Rd5 38.Kb3 Qe6 39.Nxd5 Qxd5 40.Rxd2 Rd4+ 41.Kc2 Rxd2+ 42.Qxd2 Qxe5
43.b4 g5 44.Kb3 Kg7 45.a4 bxa4+ 46.Kxa4 a6 47.Qd3 Qa1+ 48.Kb3 f6  0-1

[Event "TCh-ISL 2012-13"]
[Site "Reykjavik ISL"]
[Date "2013.03.02"]
[Round "7.3"]
[White "Smeets,J"]
[Black "Einarsson,H"]
[Result "1-0"]
[WhiteElo "2634"]
[BlackElo "2201"]

1.e4 c5 2.Nf3 Nc6 3.Bb5 d6 4.O-O Bd7 5.c3 a6 6.Ba4 Nf6 7.Re1 c4 8.Bc2 g6
9.b3 cxb3 10.axb3 Bg7 11.d4 O-O 12.h3 Rc8 13.d5 Nb8 14.Ra2 b5 15.Bd3 a5 16.Nd4 b4
17.cxb4 axb4 18.Nc2 e6 19.Nxb4 Qb6 20.Bd2 Qd4 21.Na3 exd5 22.Nac2 Qb6 23.exd5 Qb7
24.Bc4 Bb5 25.Na3 Bxc4 26.Nxc4 Rfd8 27.Qf3 Rc5 28.Rea1 Rxd5 29.Ra7 Qb5 30.R1a5 Qe8
31.Nxd5 Nxd5  1-0

[Event "TCh-SVK Extraliga 2012-13"]
[Site "Slovakia SVK"]
[Date "2013.03.02"]
[Round "10.5"]
[White "Czebe,A"]
[Black "Nayhebaver,Martin"]
[Result "1/2-1/2"]
[WhiteElo "2476"]
[BlackElo "2144"]

1.e4 c5 2.Nf3 Nc6 3.Bb5 g6 4.O-O Bg7 5.Re1 Nf6 6.e5 Nd5 7.Nc3 Nc7 8.Bxc6 dxc6
9.Ne4 Ne6 10.d3 O-O 11.Be3 b6 12.Qd2 Nd4 13.Nxd4 cxd4 14.Bh6 c5 15.Qf4 Bf5
16.Qh4 f6 17.Bxg7 Kxg7 18.exf6+ exf6 19.Re2 Re8 20.Rae1 Bxe4 21.Rxe4 Qd7
22.f4 Qf7 23.b3 Rad8 24.h3 Rxe4 25.Rxe4 Re8 26.Qe1 Kf8 27.Kf2 Re7 28.Qe2 Qe8
29.g4 f5 30.Rxe7 Qxe7 31.Qf3 Kg7 32.Kf1 h6 33.gxf5 gxf5 34.Qg2+ Kf6 35.Qg3 Qb7
36.Qh4+ Kg6 37.Qg3+ Kf6 38.Qh4+ Kg6 39.Qg3+ Kf6  1/2-1/2

[Event "Zagreb Open A 2013"]
[Site "Zagreb CRO"]
[Date "2013.03.02"]
[Round "6.2"]
[White "Stevic,H"]
[Black "Martinovic,Sa"]
[Result "1-0"]
[WhiteElo "2618"]
[BlackElo "2538"]

1.e4 c5 2.Nf3 Nc6 3.Bb5 e6 4.O-O Nge7 5.Re1 a6 6.Bxc6 Nxc6 7.d4 cxd4 8.Nxd4 Qc7
9.Nc3 Bd6 10.Nxc6 dxc6 11.f4 O-O 12.e5 Be7 13.Ne4 f5 14.exf6 gxf6 15.Qg4+ Kh8
16.b3 Bd7 17.Bb2 Qa5 18.Rad1 Rad8 19.Bc3 Qb6+ 20.Kh1 Bc8 21.Qh4  1-0

[Event "TCh-HUN 2012-13"]
[Site "Decs HUN"]
[Date "2013.03.03"]
[Round "8"]
[White "Papp,T1"]
[Black "Kerek,C"]
[Result "1/2-1/2"]
[WhiteElo "2297"]
[BlackElo "2359"]

1.e4 c5 2.Nf3 Nc6 3.Bb5 g6 4.Bxc6 bxc6 5.d3 Bg7 6.O-O Nf6 7.Qe2 O-O 8.Nc3 d6
9.h3 e5 10.Be3 Ne8 11.Nd2 Nc7 12.f4 exf4 13.Bxf4 Ne6 14.Bh2 Nd4 15.Qd1 Be6
16.Na4 Re8 17.Kh1 Bf8 18.c3 Nb5 19.Bg1 Rb8 20.b3 Bg7 21.Rc1 Qh4 22.Nf3 Qh5
23.Bh2 Rbd8 24.Qd2 d5 25.Nxc5 dxe4 26.Nxe4 Bd5 27.Ng3 Qh6 28.Qxh6 Bxh6 29.Rc2 Bxf3
30.Rxf3 Re1+ 31.Bg1 Rde8 32.a4 Na3 33.Rcf2 f5 34.Rf1 a6 35.Rxe1 Rxe1 36.Rf1 Re6
37.Bc5 Nc2 38.Rd1 Bf4 39.Nf1 Re2 40.Kg1 Kf7 41.Bf2 h5 42.g3 Bh6 43.d4 Ke6
44.c4 Kd6 45.Rd3 a5 46.g4 Nb4 47.Rc3 f4 48.Nh2  1/2-1/2